| 000 | 00858nam a2200253Ia 4500 | ||
|---|---|---|---|
| 003 | OSt | ||
| 005 | 20220924122501.0 | ||
| 006 | a|||||r|||| 00| 0 | ||
| 007 | ta | ||
| 008 | 220923b |||||||| |||| 00| 0 pan d | ||
| 024 | _a5746 | ||
| 037 | _cTextual | ||
| 040 |
_aARTS _cARTS _bpan |
||
| 041 |
_2pan _apan |
||
| 082 | _a22:8.3, L3 (2) | ||
| 110 |
_aEducation and science dept of Libraries division (Great Britain) _9189636 |
||
| 245 | 0 |
_aAspects of public library Management _b The application of new management processes to the public libraries service |
|
| 260 |
_aLondon _bHer Majesty's Stationery office _c1973 |
||
| 300 |
_av,21p _ccm. |
||
| 650 | _aLIBRARY SCIENCE | ||
| 700 |
_aEducation and science dept of Libraries division (Great Britain) _9189637 |
||
| 942 |
_h22:8.3, L3 (2) _cTEXL _2CC |
||
| 999 |
_c411803 _d411803 |
||